000 01066cad a22002895a 4500
001 L158592
008 121219e2015 xxk 000 0 eng d
035 _a(Sirsi) u158592
041 0 _aeng
100 1 _aManyon, Richard
245 0 0 _aOn the offensive
_h[electronic resource]
260 _c2015
490 _aRICS Property Journal
_vMay-June 2015, 16-17(2)
520 _aCriminal remedies to residential squatting and their potential application to commercial property.
650 2 4 _aProperty management
_96262
650 2 4 _aSQUATTERS PROCEEDINGS
650 2 4 _aCRIMINAL LAW ACT 1977 S6
650 2 4 _aLEGAL AID, SENTENCING AND PUNISHMENT OF OFFENDERS ACT 2012
650 2 4 _aResidential property
_96266
651 4 _aUnited Kingdom
_y
690 _aCommercial property
_96227
690 _aProperty management
_96262
700 1 _aMoger, Joshua
710 _aRoyal Institution of Chartered Surveyors
_94900
856 4 0 _uhttps://www.rics.org/uk/news/journals/property-journal
_zView the journal free of charge at www.rics.org/journals...
942 _n0
999 _c84629
_d84629